00441nam a2200157Ia 4500008004100000020001800041082001400059100002100073245008600094250000800180260002900188300001100217500002600228650001200254700001700266230524s9999 xx 000 0 und d a9788177584813 a4.16bTRI aWalter A.Triebel 0a"The 8088 and 8086 Microprocessors: Programming, Interfacing,Software,Hardware.." a4TH aNEW DELHIbPearsonc2009 aXX;843 aQuantity Number: 125 aComp-Sc a Avtar Singh